Statistiken für Größte Städte von Baltikum

Klicken Sie hier um das Quiz zu spielen!

Allgemein

  • Dieses Quiz wurde 37 mal gespielt
  • Das Durchschnittsergebnis liegt bei 5 aus 20

Antwortstatistiken

EinwohnerzahlLandStadt% Korrekt
620.974LettlandRiga
97%
437.817EstlandTallinn
94%
592.156LitauenVilnius
94%
304.210LitauenKaunas
56%
159.403LitauenKlaipėda
29%
95.190EstlandTartu
26%
81.074LettlandDaugavpils
18%
53.955EstlandNarva
15%
40.228EstlandPärnu
12%
33.442LettlandVentspils
12%
51.353LitauenAlytus
9%
55.953LettlandJelgava
9%
36.704LitauenMarijampolė
9%
86.606LitauenPanevėžys
9%
110.463LitauenŠiauliai
9%
27.763LitauenUtena
9%
49.861LettlandJūrmala
6%
33.499EstlandKohtla-Järve
6%
68.200LettlandLiepāja
6%
33.377LitauenMažeikiai
3%

Verteilung der Resultate

Perzentil nach korrekt beantworteten Fragen

Anzahl Personen mit jedem Resultat

Ihre Resultats-Entwicklung

Sie haben dieses Quiz noch nicht gespielt